[Event "Chess Classics Masters"]
[Site "Frankfurt"]
[Date "1998.06.17"]
[Round "1"]
[White "Jussupow, Artur"]
[Black "Beliavsky, Alexander G"]
[Result "0-1"]
[WhiteElo "2630"]
[BlackElo "2690"]

1.d4 Nf6 2.Nf3 d5 3.c4 e6 4.Nc3 Be7 5.Bg5 h6 6.Bxf6 Bxf6 7.e3 O-O 8.Qb3 c6
9.Rd1 Nd7 10.Bd3 Rb8 11.O-O b5 12.cxd5 cxd5 13.Rc1 Be7 14.Ne2 a6 15.Ne5 Nxe5
16.dxe5 Bd7 17.Nd4 Rc8 18.f4 Rxc1 19.Rxc1 Qb8 20.Nc6 Bxc6 21.Rxc6 Rc8 22.Qc2 Rxc6
23.Qxc6 Qa7 24.Qc8+ Bf8 25.Kf2 g6 26.g4 Qe7 27.Kg3 Qb4 28.Qc1 g5 29.Bb1 gxf4+
30.exf4 Qd4 31.Qc2 Bc5 32.Qh7+ Kf8 33.Qxh6+ Ke8 34.Qh8+ Kd7 35.Qa8 Qf2+ 36.Kh3 Qf3+
37.Kh4 Be7+ 38.g5 Qxf4+ 39.Kh3 Qf1+ 40.Kg3 Qxb1 41.Qb7+ Ke8 42.Qc8+ Bd8 43.h4 Qd3+
44.Kg4 Qc4+ 45.Qxc4 dxc4 46.h5 Kf8  0-1

[Event "Chess Classics Masters"]
[Site "Frankfurt"]
[Date "1998.06.17"]
[Round "3"]
[White "Timman, Jan H"]
[Black "Beliavsky, Alexander G"]
[Result "1/2-1/2"]
[WhiteElo "2635"]
[BlackElo "2690"]

1.d4 Nf6 2.c4 e6 3.Nf3 d5 4.Nc3 Be7 5.Bg5 h6 6.Bxf6 Bxf6 7.Qd3 dxc4 8.Qxc4 O-O
9.e4 b6 10.e5 Be7 11.O-O-O Bb7 12.Bd3 Qd7 13.Be4 Bxe4 14.Nxe4 Qc6 15.Qxc6 Nxc6
16.a3 Rfd8 17.Nc3 Rac8 18.Kc2 Bf8 19.d5 exd5 20.Nxd5 Ne7 21.Nc3 Ng6 22.Rhe1 Nf4
23.g3 Ne6 24.Ne4 Nc5 25.Nc3 Ne6 26.Ne4 Be7 27.Rxd8+ Rxd8 28.Re3 Kf8 29.Rd3 Ke8
30.Rxd8+ Kxd8 31.Nfd2 Kd7 32.f4 g6 33.Kd3 h5 34.Nc4 h4 35.Ne3 hxg3 36.hxg3 c6
37.Ng4 Nc5+ 38.Nxc5+ Bxc5 39.Ke4 Ke6 40.Nf6 Be7 41.Nh7 a5 42.g4 Kd7 43.f5 gxf5+
44.gxf5 a4 45.f6 Bc5 46.Ng5 Ke8 47.e6 fxe6 48.Nxe6 Bd6 49.Kf5 b5 50.Ng5 Kd7
51.Ne4 Bf8 52.Ke5 b4 53.axb4 Bxb4 54.Kd4 a3 55.bxa3 Bxa3 56.Ke5  1/2-1/2

[Event "Chess Classics Masters"]
[Site "Frankfurt"]
[Date "1998.06.18"]
[Round "6"]
[White "Kortschnoj, Viktor"]
[Black "Beliavsky, Alexander G"]
[Result "0-1"]
[WhiteElo "2625"]
[BlackElo "2690"]

1.c4 e6 2.Nc3 d5 3.d4 Be7 4.Nf3 Nf6 5.Qc2 O-O 6.cxd5 Nxd5 7.g3 Nc6 8.Bg2 Ndb4
9.Qb3 Nxd4 10.Nxd4 Qxd4 11.Be3 Qe5 12.Rd1 c6 13.Bf4 Qa5 14.Bd2 Qa6 15.O-O e5
16.a3 Be6 17.Qa4 Qxa4 18.Nxa4 Nd5 19.Rc1 Rad8 20.Nc5 Bc8 21.b4 f5 22.e4 Nf6
23.Bg5 fxe4 24.Bxf6 gxf6 25.Bxe4 Rd4 26.Rfe1 Bxc5 27.Rxc5 Rfd8 28.Kg2 Be6
29.Bf3 Bd5 30.Re3 Kf7 31.Rcc3 Ke6 32.Kh3 f5 33.Be2 f4 34.Bg4+ Kd6 35.Re1 Rf8
36.f3 Rf6 37.gxf4 Rdxf4 38.Kh4 Rh6+ 39.Kg5 Rg6+ 40.Kh5 e4 41.Rd1 Ke5 42.fxe4 Rgxg4
43.Rh1  0-1

[Event "Chess Classics Masters"]
[Site "Frankfurt"]
[Date "1998.06.19"]
[Round "11"]
[White "Beliavsky, Alexander G"]
[Black "Huebner, Robert"]
[Result "1/2-1/2"]
[WhiteElo "2690"]
[BlackElo "2560"]

1.d4 Nf6 2.c4 c6 3.Nc3 d5 4.Nf3 dxc4 5.a4 Bf5 6.Ne5 Nbd7 7.Nxc4 Qc7 8.g3 e5
9.dxe5 Nxe5 10.Bf4 Nfd7 11.a5 f6 12.Bg2 Nc5 13.O-O Rd8 14.Qe1 Be7 15.Nxe5 fxe5
16.Be3 O-O 17.Bxc5 Bxc5 18.Na4 Be7 19.Qc3 Rd4 20.Nc5 Bxc5 21.Qxc5 a6 22.Rfd1 Rfd8
23.Rxd4 Rxd4 24.e3 Rd2 25.Qc4+ Kh8 26.Qb4 Rd8 27.Be4 Bxe4 28.Qxe4 h6 29.Kg2 Rd2
30.b4 Qf7 31.Rf1 Qd5 32.Qxd5 Rxd5 33.Rc1 e4 34.Rc4 Re5 35.g4 Kg8 36.Kg3 g5
37.Rd4 Kf8 38.Rd6 Rb5 39.Rxh6 Rxb4 40.Rh7 Rb5 41.h4 gxh4+ 42.Kxh4 Rxa5 43.Rxb7 Ra2
44.Kg3 a5 45.Rc7 Rc2 46.Ra7 Ra2 47.Ra6 c5  1/2-1/2

[Event "Chess Classics Masters"]
[Site "Frankfurt"]
[Date "1998.06.19"]
[Round "13"]
[White "Beliavsky, Alexander G"]
[Black "Kortschnoj, Viktor"]
[Result "1-0"]
[WhiteElo "2690"]
[BlackElo "2625"]

1.d4 d5 2.c4 dxc4 3.Nf3 Nf6 4.Nc3 a6 5.e4 b5 6.e5 Nd5 7.a4 e6 8.axb5 Nb6
9.Be3 Qd7 10.bxa6 Rxa6 11.Nd2 Bb7 12.Nxc4 Nxc4 13.Bxc4 Rxa1 14.Qxa1 Bxg2
15.Rg1 Bb7 16.Qa7 Qc8 17.Ke2 g6 18.Bb5+ Nd7 19.Rc1 Be7 20.Ne4 c6 21.Bh6 Qb8
22.Qxb8+ Nxb8 23.Ba4 Kd7 24.Nc5+ Kc7 25.Bd2 Kb6 26.Rc3 Bxc5 27.dxc5+ Ka7
28.Rf3 Rf8 29.Bh6 Rd8 30.Rxf7 Rd4 31.Bb3 Re4+ 32.Be3 Rxe5 33.Rxh7 Na6 34.Re7 Nxc5
35.Rxe6 Rh5 36.Bc2 Ba6+ 37.Kf3 Kb7 38.Re7+ Kc8 39.Bxg6 Rd5 40.h4 Nd3 41.Be4 Ne1+
42.Kg3 Rd6 43.h5 Bd3 44.h6 Kd8 45.Bg5 Bxe4 46.Rxe4+  1-0

[Event "Chess Classics Masters"]
[Site "Frankfurt"]
[Date "1998.06.19"]
[Round "14"]
[White "Beim, Valery"]
[Black "Beliavsky, Alexander G"]
[Result "1/2-1/2"]
[WhiteElo "2555"]
[BlackElo "2690"]

1.c4 e6 2.Nc3 d5 3.d4 Be7 4.Nf3 Nf6 5.cxd5 exd5 6.Bg5 c6 7.Qc2 g6 8.e4 dxe4
9.Bxf6 Bxf6 10.Qxe4+ Qe7 11.Bc4 Be6 12.Bxe6 Qxe6 13.Qxe6+ fxe6 14.O-O-O Na6
15.h4 O-O-O 16.Ne4 Rdf8 17.a3 Nc7 18.Rd2 Be7 19.h5 g5 20.Ne5 Rhg8 21.f3 Rd8
22.Nf7 Rd5 23.Nc3 Ra5 24.Kc2 Nd5 25.Re1 Nxc3 26.Kxc3 Rf8 27.Nh6 Kd7 28.Rde2 Bf6
29.Rxe6 Rd5 30.Ng4 Bxd4+ 31.Kc2 Rf7 32.Re8 a5 33.b4 axb4 34.axb4 Kc7 35.R1e7+ Rxe7
36.Rxe7+ Rd7 37.Re6 Kb6 38.Ne5 Rd5 39.Nc4+ Kb5 40.Kb3 Rd7 41.Nd6+ Kb6 42.Nf5  1/2-1/2

[Event "Frankfurt Ordix op"]
[Site "Frankfurt"]
[Date "1998.06.20"]
[Round "1"]
[White "Beliavsky, Alexander G"]
[Black "Tischendorf, Michael"]
[Result "1-0"]
[WhiteElo "2690"]
[BlackElo "2235"]

1.d4 Nf6 2.c4 g6 3.Nc3 Bg7 4.e4 d6 5.h3 O-O 6.Bg5 c5 7.d5 h6 8.Be3 e6 9.Qd2 exd5
10.exd5 Kh7 11.Bd3 Nbd7 12.Nf3 Re8 13.O-O Ne5 14.Nxe5 Rxe5 15.Rae1 Nh5 16.f4 Rxe3
17.Rxe3 Bd4 18.Ne2 Bxe3+ 19.Qxe3 Ng7 20.g4 f5 21.Ng3 Qf6 22.g5 hxg5 23.fxg5 Qxb2
24.h4 Bd7 25.Rb1 Qc3 26.Ne2 Qa5 27.Qe7 Qc7 28.Nf4 Re8 29.Qf7 Qa5 30.Qxg6+ Kg8
31.Nh5 Re1+ 32.Bf1 Re7 33.Nf6+ Kf8 34.Qh7 Rf7 35.Rxb7 Qe1 36.Qg8+ Ke7 37.Rxd7+  1-0

[Event "Frankfurt Ordix op"]
[Site "Frankfurt"]
[Date "1998.06.20"]
[Round "2"]
[White "Fischer, Johannes"]
[Black "Beliavsky, Alexander G"]
[Result "0-1"]
[WhiteElo "2310"]
[BlackElo "2690"]

1.g3 d5 2.Bg2 c6 3.d3 e5 4.Nc3 Nf6 5.e4 dxe4 6.dxe4 Qxd1+ 7.Nxd1 Na6 8.c3 Nc5
9.f3 Be6 10.Ne3 Nd3+ 11.Ke2 O-O-O 12.Nh3 h6 13.Rd1 Nxc1+ 14.Rdxc1 g6 15.Nf2 h5
16.Bh3 Bxh3 17.Nxh3 Bh6 18.Rd1 h4 19.g4 Nd7 20.Nc4 Kc7 21.g5 Bg7 22.Rd2 Nc5
23.Rad1 Rxd2+ 24.Rxd2 Ne6 25.Nd6 Rf8 26.a4 Nc5 27.a5 Nb3 28.Rd1 Nxa5 29.b4 Nb3
30.Nc4 b6  0-1

[Event "Frankfurt Ordix op"]
[Site "Frankfurt"]
[Date "1998.06.21"]
[Round "7"]
[White "Beliavsky, Alexander G"]
[Black "Beim, Valery"]
[Result "1-0"]
[WhiteElo "2690"]
[BlackElo "2555"]

1.d4 d6 2.e4 Nf6 3.Nc3 g6 4.Nf3 Bg7 5.Be3 c6 6.Qd2 Nbd7 7.O-O-O b5 8.Bd3 Ng4
9.Bg5 b4 10.Nb1 f6 11.h3 fxg5 12.hxg4 Qb6 13.e5 dxe5 14.Rxh7 Rxh7 15.Bxg6+ Kd8
16.Bxh7 exd4 17.Nxd4 Qxd4 18.Qxd4 Bxd4 19.Rxd4 a5 20.Nd2 Kc7 21.Bf5 Nf6 22.Bxc8 Rxc8
23.f3 Rh8 24.Nc4 Rh2 25.Nxa5 Nd5 26.Rc4 Kb6 27.Nxc6 Ne3 28.Re4 Rh1+ 29.Kd2 Nf1+
30.Kd3 Kxc6 31.Rxb4 Ng3 32.Ke3 Rb1 33.a4 Nh1 34.a5 Re1+ 35.Kd2 Ra1 36.Rb6+ Kc7
37.Rh6 Ng3 38.Rh3 Nf1+ 39.Ke2 Kb7 40.b4  1-0

[Event "MK Cafe Cup-A"]
[Site "Koszalin"]
[Date "1998.08.06"]
[Round "4"]
[White "Beliavsky, Alexander G"]
[Black "Brodsky, Michail"]
[Result "1/2-1/2"]
[WhiteElo "2645"]
[BlackElo "2525"]

1.d4 Nf6 2.c4 e6 3.Nf3 b6 4.g3 Bb7 5.Bg2 Be7 6.Nc3 O-O 7.O-O Ne4 8.Bd2 f5
9.d5 Bf6 10.Rc1 Na6 11.a3 c6 12.dxe6 dxe6 13.Qc2 c5 14.Rfd1 Qe7 15.Nxe4 Bxe4
16.Qa4 Nb8 17.b4 Nc6 18.b5 Nd8 19.Bc3 Bxc3 20.Rxc3 Nf7 21.Ne1 Rad8 22.Rcc1 Bxg2
23.Nxg2 Rxd1+ 24.Rxd1 Rd8 25.Nf4 Rxd1+ 26.Qxd1 Ne5 27.Qc2  1/2-1/2

[Event "MK Cafe Cup-A"]
[Site "Koszalin"]
[Date "1998.08.10"]
[Round "8"]
[White "Beliavsky, Alexander G"]
[Black "Haba, Petr"]
[Result "1-0"]
[WhiteElo "2645"]
[BlackElo "2515"]

1.d4 d5 2.c4 c6 3.Nf3 Nf6 4.Nc3 dxc4 5.a4 Bf5 6.Ne5 Nbd7 7.Nxc4 Qc7 8.g3 e5
9.dxe5 Nxe5 10.Bf4 Nfd7 11.Nxe5 Nxe5 12.a5 f6 13.a6 Bc5 14.Bg2 Rd8 15.Qb3 b5
16.Bxe5 fxe5 17.O-O Rd4 18.Rac1 Qb6 19.Ne4 Be7 20.Nc3 Qxa6 21.Bxc6+ Qxc6
22.Nxb5 Qb6 23.Nxd4 exd4 24.Qd5 Qe6 25.Qb5+ Kf7 26.Rc7 Rd8 27.Ra1 Rd5 28.Qb7 Rd7
29.Rxd7 Qxd7 30.Qxa7 Qxa7 31.Rxa7 d3 32.exd3 Bxd3 33.b4 Ke6 34.b5 Bf6 35.b6 Bg6
36.Rc7 Be5 37.Rc4 Bd3 38.Rb4 Kd5 39.b7 Bb8 40.Rb3 Ba6 41.Rb6 Bc4 42.Rb4 Ba6
43.Rb6 Bc4 44.Rb1 Ba6 45.Re1 Kc6 46.Re7 g6 47.Rxh7 Bc7 48.f4 Kxb7 49.Kf2 Bd3
50.Ke3 Bb1 51.g4 Kc6 52.h4 Bd6 53.h5 gxh5 54.Rxh5 Kd7 55.f5 Ke7 56.Rh7+ Kf8
57.Rd7 Be7 58.Kf4 Bc2 59.g5 Bb3 60.Kg4 Ba4 61.Rd4 Bc2 62.f6 Bxf6 63.Rf4 Bd1+
64.Kh4 Kg7 65.Rxf6 Be2 66.Kg3 Bd3 67.Kf4 Bb1 68.Rd6 Bc2 69.Kg4 Be4 70.Rd4 Bc2
71.Rd7+ Kg6 72.Rd6+ Kg7 73.Kh5  1-0

[Event "MK Cafe Cup-A"]
[Site "Koszalin"]
[Date "1998.08.12"]
[Round "10"]
[White "Beliavsky, Alexander G"]
[Black "Novikov, Igor A"]
[Result "1/2-1/2"]
[WhiteElo "2645"]
[BlackElo "2545"]

1.d4 d5 2.c4 e6 3.Nc3 c6 4.Nf3 Nf6 5.Bg5 h6 6.Bxf6 Qxf6 7.e3 Nd7 8.Bd3 dxc4
9.Bxc4 g6 10.O-O Bg7 11.b4 O-O 12.a4 b6 13.a5 Rb8 14.axb6 axb6 15.Ra7 Rb7
16.Ra2 Qe7 17.Qb3 c5 18.Nb5 cxd4 19.Nbxd4 Ne5 20.Be2 Nxf3+ 21.Bxf3 Bxd4 22.exd4 Rd7
23.d5 exd5 24.Bxd5  1/2-1/2

[Event "Elista ol (Men)"]
[Site "Elista"]
[Date "1998.10.01"]
[Round "3"]
[White "Beliavsky, Alexander G"]
[Black "Spraggett, Kevin"]
[Result "1/2-1/2"]
[WhiteElo "2645"]
[BlackElo "2560"]

1.d4 f5 2.g3 Nf6 3.Bg2 g6 4.Nf3 Bg7 5.c4 O-O 6.Nc3 d6 7.O-O c6 8.Rb1 Ne4
9.Nxe4 fxe4 10.Nd2 d5 11.e3 Be6 12.b4 b5 13.cxb5 cxb5 14.a4 bxa4 15.Qxa4 Nd7
16.Qa2 Bf7 17.Bb2 e5 18.Qa1 Qe7 19.Nb3 Nb6 20.Na5 Be8 21.dxe5 Bb5 22.Rfd1 Rac8
23.Rbc1 Qxb4 24.Bc3 Qe7 25.Bh3 Bd7 26.Bxd7 Qxd7 27.Bd4 Qe6 28.Rxc8 Rxc8 29.Nb3 Nd7
30.Qxa7 Bxe5 31.Qa5 Nf6 32.Bxe5 Qxe5 33.Qa6 Rf8 34.Nd4 Ng4 35.Rd2 Nf6 36.Qc6 Rb8
37.Kg2 Re8 38.Ra2 Rf8 39.h3 Qe8 40.Qd6 Qf7 41.Ne6 Re8 42.Ra6 Qe7 43.Nc7 Qxd6
44.Rxd6 Re7 45.Nxd5 Nxd5 46.Rxd5 h5 47.h4 Kg7 48.Rg5 Kh6 49.g4 hxg4 50.Rxg4 Re5
51.Kf1 Kh5 52.Rf4 Re6 53.Ke2 Re5 54.Ke1 Kh6 55.Kd2 Rf5 56.Kc3 Rxf4 57.exf4 Kh5
58.Kd4 Kxh4 59.Kxe4 Kg4 60.Ke3 Kh3 61.Kf3 Kh2 62.Ke3 Kg2 63.Ke2 Kh3 64.Kd3  1/2-1/2

[Event "Elista ol (Men)"]
[Site "Elista"]
[Date "1998.10.02"]
[Round "4"]
[White "Kakageldyev, Amanmurad"]
[Black "Beliavsky, Alexander G"]
[Result "0-1"]
[WhiteElo "2475"]
[BlackElo "2645"]

1.d4 Nf6 2.c4 e6 3.Nf3 c5 4.d5 d6 5.Nc3 exd5 6.cxd5 g6 7.e4 Bg7 8.h3 O-O
9.Bd3 Na6 10.O-O Nc7 11.a4 Rb8 12.Nd2 b6 13.Nc4 Ba6 14.Bf4 Bxc4 15.Bxc4 Re8
16.Re1 Nh5 17.Bh2 Bd4 18.Qd2 a6 19.Bd3 b5 20.axb5 axb5 21.Ne2 Bg7 22.g4 Nf6
23.f3 Rb6 24.Ra7 b4 25.Kg2 Nd7 26.f4 c4 27.Bb1 Nb5 28.Rxd7 Qxd7 29.Qxb4 Qc7
30.Bg1 Rbb8 31.Qd2 c3 32.bxc3 Nxc3 33.Bd3 Nxe4 34.Qc1 Qa5 35.Qd1  0-1

[Event "Elista ol (Men)"]
[Site "Elista"]
[Date "1998.10.05"]
[Round "7"]
[White "Kasimdzhanov, Rustam"]
[Black "Beliavsky, Alexander G"]
[Result "1-0"]
[WhiteElo "2570"]
[BlackElo "2645"]

1.d4 Nf6 2.c4 e6 3.Nf3 d5 4.Nc3 Be7 5.Bg5 h6 6.Bh4 O-O 7.e3 b6 8.Rc1 Bb7
9.Bxf6 Bxf6 10.cxd5 exd5 11.Bd3 Re8 12.O-O Nd7 13.b4 c6 14.Qb3 Nf8 15.Rfd1 Ne6
16.Bf5 Rc8 17.a4 g6 18.Bh3 Bg7 19.g3 Rc7 20.a5 b5 21.Bg2 Bc8 22.Ne2 Qd6 23.Rc2 Ng5
24.Nxg5 hxg5 25.Rdc1 Bg4 26.Nc3 Rcc8 27.Nb1 Bf8 28.Rb2 Kg7 29.Nd2 Qf6 30.Qc3 Bf5
31.h3 Bd6 32.g4 Bd7 33.Nb3 Rc7 34.Nc5 Bc8 35.Nd3 Qe7 36.Rbc2 Kg8 37.Qb2 Qd7
38.Ne5 Bxe5 39.dxe5 Qe6 40.Rc5 Rd8 41.Rxb5 Ba6 42.Rbc5 Bc4 43.Bf1 Bxf1 44.Kxf1 a6
45.Qc3 Rb8 46.Kg1 Rbc8 47.Qd3 Ra7 48.e4 dxe4 49.Qxe4 Rac7 50.Kg2 Kg7 51.Qe3 Rb7
52.R1c4 Qe7 53.Qc3 Qe6 54.Rd4 Kh7 55.Qe3 Qe7 56.Qc3 Rd7 57.Re4 Qe6 58.Qe3 Rd5
59.Rec4 Rxc5 60.Rxc5 Rb8 61.Qe4 Rc8 62.Qd3 Rb8 63.Qxa6 Rxb4 64.Qxc6 Qxc6+
65.Rxc6 Rb5 66.e6 Rxa5 67.exf7 Ra8 68.Rf6 Rf8 69.Kg3 Kg7 70.Rf3 Kh6 71.h4 gxh4+
72.Kxh4 g5+ 73.Kg3  1-0

[Event "Elista ol (Men)"]
[Site "Elista"]
[Date "1998.10.09"]
[Round "10"]
[White "Krasenkow, Michal"]
[Black "Beliavsky, Alexander G"]
[Result "1-0"]
[WhiteElo "2655"]
[BlackElo "2645"]

1.d4 Nf6 2.c4 e6 3.Nf3 d5 4.Nc3 Be7 5.Bg5 h6 6.Bh4 O-O 7.e3 b6 8.Rb1 c6 9.Bd3 Ba6
10.b3 Nbd7 11.O-O Rc8 12.Qe2 Ne4 13.Bxe7 Nxc3 14.Qc2 Qxe7 15.Qxc3 Qa3 16.Ne1 c5
17.Nc2 cxd4 18.exd4 Qd6 19.Rfd1 dxc4 20.bxc4 e5 21.Be2 exd4 22.Rxd4 Qf6 23.Ne3 Nc5
24.Rbd1 Ne4 25.Qe1 Rfe8 26.Bg4 Rc5 27.Bd7 Re7 28.Ng4 Qg6 29.f3 h5 30.fxe4 hxg4
31.Qh4 f6 32.Bf5 Rxf5 33.Rd8+ Kf7 34.Qh8 Rf1+ 35.Rxf1 Qxe4 36.Qh5+  1-0

[Event "Corsican op"]
[Site "Bastia"]
[Date "1998.11.01"]
[Round "1"]
[White "Beliavsky, Alexander G"]
[Black "Wauters, Alain"]
[Result "1-0"]
[WhiteElo "2645"]
[BlackElo "2190"]

1.d4 Nf6 2.c4 e6 3.g3 Bb4+ 4.Bd2 Qe7 5.Bg2 O-O 6.Nf3 Nc6 7.O-O Bxd2 8.Qxd2 d5
9.Na3 Rd8 10.Rfd1 Bd7 11.Rac1 Be8 12.e3 a5 13.cxd5 exd5 14.Nb5 Rac8 15.Qe2 Ne4
16.Nd2 Nxd2 17.Rxd2 Ra8 18.Rc5 Ra6 19.Nc3 Rd6 20.Nxd5 Qd8 21.Nc3 Ne7 22.Bxb7 Rab6
23.Bf3 Qb8 24.Rxa5 Bc6 25.e4 Rb4 26.d5 Bb7 27.e5 Rh6 28.e6 fxe6 29.dxe6  1-0

[Event "Corsican op"]
[Site "Bastia"]
[Date "1998.11.01"]
[Round "2"]
[White "Oratovsky, Michael"]
[Black "Beliavsky, Alexander G"]
[Result "1/2-1/2"]
[WhiteElo "2465"]
[BlackElo "2645"]

1.e4 e5 2.Nf3 Nc6 3.Bc4 Nf6 4.d3 h6 5.O-O d6 6.d4 Bg4 7.dxe5 Nxe5 8.Be2 Bxf3
9.Bxf3 g6 10.Nc3 Bg7 11.Be2 O-O 12.f4 Ned7 13.Be3 Qe7 14.Bf3 c6 15.Re1 Nb6
16.Bd4 Rfe8 17.a4 Qc7 18.Qd3 a5 19.g3 Rad8 20.Kg2 Nbd7 21.Qc4 Rc8 22.Rad1 Nf8
23.Qb3 N8d7 24.Qc4 g5 25.e5 dxe5 26.fxe5 Nxe5 27.Bxe5 Rxe5 28.Nb5 Qe7 29.Rxe5 Qxe5
30.Nd6 Rc7 31.c3 Rd7 32.Qe2 Qe6 33.Qxe6 fxe6 34.Ne4 Nd5 35.Kf2 Kf7 36.Ke2 Bf8
37.Bg4  1/2-1/2

[Event "Corsican op"]
[Site "Bastia"]
[Date "1998.11.01"]
[Round "3"]
[White "Beliavsky, Alexander G"]
[Black "Toulzac, Pierre Yves"]
[Result "1-0"]
[WhiteElo "2645"]
[BlackElo "2275"]

1.d4 Nf6 2.c4 e5 3.dxe5 Ne4 4.Nd2 Nc5 5.Ngf3 Nc6 6.g3 Qe7 7.Bg2 g6 8.b4 Nxb4
9.Nb3 Nxb3 10.axb3 Bg7 11.Bg5 Qe6 12.h4 h6 13.Bh3 Qc6 14.Bf4 d6 15.Bxc8 dxe5
16.Bd2 Rxc8 17.Bxb4 Rd8 18.Qc1  1-0

[Event "SLO-chT"]
[Site "Bled"]
[Date "1998.11.08"]
[Round "2"]
[White "Beliavsky, Alexander G"]
[Black "Marangunic, Srdjan"]
[Result "1-0"]
[WhiteElo "2645"]
[BlackElo "2455"]

1.d4 d6 2.e4 Nf6 3.Nc3 g6 4.Nf3 Bg7 5.Be3 c6 6.Qd2 b5 7.Bd3 Nbd7 8.Bh6 Bxh6
9.Qxh6 e5 10.dxe5 dxe5 11.O-O Qe7 12.Rfe1 Ng4 13.Qd2 O-O 14.a4 b4 15.Nd1 Kg7
16.b3 a5 17.Nb2 Ngf6 18.Rad1 Nb6 19.h3 h6 20.Bf1 Bb7 21.Nd3 Nbd7 22.Qe3 c5
23.Nd2 Ne8 24.Nb2 Nc7 25.Bb5 Nf6 26.Nbc4 Ne6 27.c3 Qc7 28.Nf3 Rad8 29.Nfxe5 Bxe4
30.Ng4 Nxg4 31.hxg4 Bd5 32.Ne5 Bxb3 33.Rxd8 Rxd8 34.cxb4 Rd1 35.Rxd1 Bxd1
36.bxa5 Qxa5 37.Bc4 Qb6 38.a5 Qd6 39.a6 Ba4 40.a7  1-0

[Event "HUN-chT9899"]
[Site "HUN"]
[Date "1998.??.??"]
[Round "?"]
[White "Szekely, Peter"]
[Black "Beliavsky, Alexander G"]
[Result "1/2-1/2"]
[WhiteElo "2465"]
[BlackElo "2645"]

1.Nf3 d5 2.d4 Nf6 3.Bf4 g6 4.c3 Bg7 5.e3 O-O 6.Nbd2 b6 7.Bd3 Bb7 8.O-O c5
9.Qe2 e6 10.h3 Qe7 11.a3 Nfd7 12.e4 Re8 13.Rfe1 cxd4 14.cxd4 dxe4 15.Nxe4 Nf6
16.Nd6 Rd8 17.Nxb7 Qxb7 18.Rac1 Nd5 19.Bg3 a6 20.Ne5 Qe7 21.Be4 Ra7  1/2-1/2

[Event "HUN-chT 9798"]
[Site "Hungary"]
[Date "1998.??.??"]
[Round "?"]
[White "Szekely, Peter"]
[Black "Beliavsky, Alexander G"]
[Result "0-1"]
[WhiteElo "2455"]
[BlackElo "2665"]

1.Nf3 d5 2.d4 Nf6 3.c4 e6 4.g3 dxc4 5.Qa4+ Nbd7 6.Bg2 a6 7.Nc3 Rb8 8.Qxc4 b5
9.Qd3 Bb7 10.O-O Bd6 11.Rd1 b4 12.Nb1 O-O 13.Nbd2 c5 14.Nc4 Be4 15.Qb3 Bd5
16.Qd3 Be7 17.b3 Be4 18.Qd2 Nb6 19.Nce5 Rc8 20.dxc5 Nbd5 21.Bb2 Rxc5 22.Rac1 Qa8
23.Rxc5 Bxc5 24.Nd3 Be7 25.Rc1 Rd8 26.Qe1 Rc8 27.Bd4 a5 28.Qd2 h6 29.h3 Nd7
30.Rxc8+ Qxc8 31.Nfe5 Bxg2 32.Kxg2 Bf6 33.Nf3 Nc3 34.Bxc3 bxc3 35.Qc1 Qc6
36.Kg1 Nb6 37.Nfe5 Qc7 38.Ng4 Be7 39.Ne3 Bg5 40.f4 Bf6 41.Nc2 a4 42.Qe3 axb3
43.axb3 Nd5 44.Qf2 Be7 45.Qd4 Qb7 46.b4 Qa6 47.e4 Bf6 48.Ne5 Qe2 49.Qd3 Qd2
50.exd5 Bxe5 51.Qe4 exd5 52.Qg2 Qd1+ 53.Kh2 Bd4 54.h4 Bg1+  0-1

[Event "HUN-chT 9798"]
[Site "Hungary"]
[Date "1998.??.??"]
[Round "?"]
[White "Acs, Peter"]
[Black "Beliavsky, Alexander G"]
[Result "1/2-1/2"]
[WhiteElo "2420"]
[BlackElo "2665"]

1.e4 d6 2.d4 g6 3.Nc3 Bg7 4.f4 Nd7 5.Nf3 c5 6.d5 a6 7.a4 Ngf6 8.Bd3 O-O 9.O-O Rb8
10.Qe2 Nb6 11.a5 Na8 12.f5 Nc7 13.fxg6 fxg6 14.Na4 Bg4 15.Nb6 Nd7 16.Nc4 e6
17.h3 Bxf3 18.Rxf3 exd5 19.exd5 Qh4 20.Bd2 Rxf3 21.Qxf3 Rf8 22.Qe4 Qf2+ 23.Kh1 Ne5
24.Be3 Qg3 25.Bg1 Nxc4 26.Bh2 Qe3 27.Qxc4 Bxb2 28.Rb1 Be5 29.Qe4 Qxe4 30.Bxe4 Bxh2
31.Kxh2 Nb5 32.Bf3 Rf4 33.Bg4 Ra4 34.Be6+ Kg7 35.Rf1 Nd4 36.Rf7+ Kh6 37.Rxb7 Nxc2
38.Rb6 Rxa5 39.Rxd6 Nd4 40.Rd8 c4 41.Rc8 Nxe6 42.dxe6 Re5 43.Rxc4 Rxe6 44.Rc7 g5
45.h4 gxh4 46.Kh3 Kg6 47.Kxh4 h6 48.g4 Kf6 49.Kh5 Ke5 50.Rh7 Kf4 51.Rf7+ Kg3
52.Ra7 Rb6 53.g5 hxg5 54.Kxg5 Kf3 55.Kf5 Ke3 56.Ke5 Kd3 57.Kd5 Kc3 58.Kc5 Re6
59.Rh7 Kb3 60.Rh3+ Ka4 61.Rh4+ Ka5 62.Rh1 Re5+ 63.Kc4 Re3 64.Ra1+  1/2-1/2

[Event "HUN-chT 9798"]
[Site "Hungary"]
[Date "1998.??.??"]
[Round "?"]
[White "Beliavsky, Alexander G"]
[Black "Szuk, Balazs"]
[Result "1-0"]
[WhiteElo "2665"]
[BlackElo "2340"]

1.d4 Nf6 2.c4 g6 3.Nc3 Bg7 4.e4 d6 5.h3 O-O 6.Bg5 Na6 7.Nge2 e5 8.d5 c6 9.f3 h6
10.Be3 cxd5 11.cxd5 Nh5 12.Qd2 Qh4+ 13.Bf2 Qf6 14.O-O-O Bd7 15.Kb1 b5 16.Nc1 Nc7
17.N3e2 Rfc8 18.Qa5 Qe7 19.g4 Nf4 20.Nb3 Nxe2 21.Bxe2 Bf6 22.Rc1 Be8 23.Be3 Kg7
24.Rc2 Qd7 25.Rhc1 Bd8 26.Qd2 g5 27.Na5 Na6 28.Nc6 Qb7 29.h4 f6 30.hxg5 hxg5
31.b4 Rc7 32.a4 bxa4 33.Bxa6  1-0

[Event "Nova Gorica op"]
[Site "Nova Gorica"]
[Date "1999.01.28"]
[Round "1"]
[White "Nedimovic, Ljubisa"]
[Black "Beliavsky, Alexander G"]
[Result "0-1"]
[WhiteElo "2170"]
[BlackElo "2650"]

1.d4 Nf6 2.c4 g6 3.Nc3 Bg7 4.g3 c5 5.Nf3 cxd4 6.Nxd4 d5 7.Nf3 Qa5 8.Qb3 Nc6
9.Bd2 d4 10.Nd5 Qd8 11.Nxf6+ Bxf6 12.Bg2 O-O 13.Bh6 Qa5+ 14.Nd2 Rd8 15.O-O Qh5
16.Bf4 g5 17.Bf3 Qh3 18.Bc7 Rd7 19.Bxc6 bxc6 20.Ba5 Rb7 21.Qa3 Bf5 22.Rae1 Bg6
23.b4 Rd7 24.Qf3 Qe6 25.b5 Rc8 26.bxc6 Rxc6 27.e4 g4 28.Qd3 Bg5 29.h4 Bxd2
30.Qxd2 Rxc4 31.Qg5 f6 32.Qh6 Qe5  0-1

[Event "Nova Gorica op"]
[Site "Nova Gorica"]
[Date "1999.01.29"]
[Round "2"]
[White "Beliavsky, Alexander G"]
[Black "Bukal, Vladimir Sr"]
[Result "1-0"]
[WhiteElo "2650"]
[BlackElo "2407"]

1.d4 Nf6 2.c4 c5 3.d5 b5 4.Nd2 Qa5 5.Qc2 bxc4 6.e4 e6 7.Bxc4 Na6 8.Nf3 Nb4
9.Qc3 exd5 10.exd5 Bd6 11.O-O O-O 12.a3 Ba6 13.b3  1-0

[Event "Nova Gorica op"]
[Site "Nova Gorica"]
[Date "1999.02.01"]
[Round "5"]
[White "Sale, Srdjan"]
[Black "Beliavsky, Alexander G"]
[Result "0-1"]
[WhiteElo "2415"]
[BlackElo "2650"]

1.Nf3 Nf6 2.g3 d5 3.Bg2 c6 4.O-O Bg4 5.d4 e6 6.Nbd2 Be7 7.Re1 O-O 8.e4 Bh5
9.c3 a5 10.a4 Na6 11.Qb3 Rb8 12.exd5 cxd5 13.Ne5 Nc7 14.Nf1 Nce8 15.Bf4 Nd6
16.Nd2 Rc8 17.h3 Nd7 18.Ndf3 Nb6 19.g4 Bg6 20.Nxg6 hxg6 21.Ne5 Nbc4 22.Nd3 Bg5
23.Bh2 Rc6 24.Qd1 Bf6 25.Re2 g5 26.Nc5 b6 27.Nd3 Nc8 28.Rc1 Ne7 29.b3 Nd6
30.Ne5 Rc8 31.Qd2 b5 32.axb5 Nxb5 33.Qd3 Rb8 34.Ra1 Nd6 35.Ra3 Bxe5 36.Rxe5 Ng6
37.Rxe6 Nf4 38.Bxf4 fxe6 39.Be5 Qe7 40.Qg6 Rbc8 41.Rxa5 Rxc3 42.Rxd5 Qf7
43.Qxg5 Ne4  0-1

[Event "Nova Gorica op"]
[Site "Nova Gorica"]
[Date "1999.02.03"]
[Round "7"]
[White "Tratar, Marko"]
[Black "Beliavsky, Alexander G"]
[Result "0-1"]
[WhiteElo "2450"]
[BlackElo "2650"]

1.Nf3 d5 2.d4 Nf6 3.c4 e6 4.g3 dxc4 5.Bg2 a6 6.O-O Nc6 7.e3 Bd7 8.Qe2 b5
9.Rd1 Be7 10.e4 O-O 11.Nc3 Bb4 12.Bg5 Bxc3 13.bxc3 h6 14.Bf4 Ne7 15.Ne5 c6
16.g4 Be8 17.Bc1 Nd7 18.Ba3 Nb6 19.f4 Na4 20.Qc2 Qc7 21.Nxc4 c5 22.Nb2 b4
23.Nxa4 bxa3 24.e5 Rb8 25.Nxc5 Rb2 26.Qd3 Bc6 27.Rd2 Ng6 28.Rf1 Bb5 29.Qe3 Bxf1
30.Bxf1 Qe7 31.Nd3 Rbb8 32.Nb4 Qh4  0-1

[Event "Nova Gorica op"]
[Site "Nova Gorica"]
[Date "1999.02.04"]
[Round "8"]
[White "Beliavsky, Alexander G"]
[Black "Timoshchenko, Gennadi A"]
[Result "1/2-1/2"]
[WhiteElo "2650"]
[BlackElo "2500"]

1.d4 d5 2.c4 c6 3.Nf3 Nf6 4.Nc3 e6 5.Bg5 h6 6.Bxf6 Qxf6 7.e3 Nd7 8.Bd3 dxc4
9.Bxc4 g6 10.O-O Bg7 11.b4 O-O 12.a4 b6 13.a5 Rb8 14.axb6 axb6 15.Ra7 Rb7
16.Ra2 Qe7 17.Qb3 c5 18.Nb5 cxd4 19.exd4 Nf6 20.Re1 Bd7 21.Rae2 Bxb5 22.Bxb5 Qd8
23.Bc6 Ra7 24.g3 Qd6 25.Qc4 Rc8 26.b5 Nd5 27.Ne5  1/2-1/2

[Event "Chess Masters 3rd"]
[Site "Enghien-les-Bains"]
[Date "1999.03.05"]
[Round "3"]
[White "Tkachiev, Vladislav"]
[Black "Beliavsky, Alexander G"]
[Result "1/2-1/2"]
[WhiteElo "2634"]
[BlackElo "2650"]

1.d4 Nf6 2.c4 e6 3.Nf3 d5 4.g3 dxc4 5.Bg2 a6 6.O-O Nc6 7.e3 Bd7 8.Nc3 Bd6
9.Qe2 b5 10.e4 e5 11.dxe5 Nxe5 12.Nxe5 Bxe5 13.f4 Bxc3 14.bxc3 c6 15.f5 O-O
16.Bg5 h6 17.Bh4 Qb6+ 18.Kh1 Nh7 19.Rad1 Qc7 20.e5 Rae8 21.Qd2 Bc8 22.Qd6 Qxd6
23.exd6 g5 24.fxg6 fxg6 25.Bxc6 g5 26.Rxf8+ Rxf8 27.Bxg5 Nxg5 28.d7 Bxd7
29.Rxd7 Rf2 30.Bd5+ Kh8 31.Rd8+ Kg7 32.h4 Nf3 33.Rd7+ Kg6 34.Rd6+ Kg7 35.Rd7+ Kg6  1/2-1/2